|
|
|
|
| LEADER |
02385nam a22005535i 4500 |
| 001 |
978-3-319-26502-5 |
| 003 |
DE-He213 |
| 005 |
20151028021342.0 |
| 007 |
cr nn 008mamaa |
| 008 |
151016s2015 gw | s |||| 0|eng d |
| 020 |
|
|
|a 9783319265025
|9 978-3-319-26502-5
|
| 024 |
7 |
|
|a 10.1007/978-3-319-26502-5
|2 doi
|
| 040 |
|
|
|d GrThAP
|
| 050 |
|
4 |
|a QA76.9.A25
|
| 072 |
|
7 |
|a UR
|2 bicssc
|
| 072 |
|
7 |
|a UTN
|2 bicssc
|
| 072 |
|
7 |
|a COM053000
|2 bisacsh
|
| 082 |
0 |
4 |
|a 005.8
|2 23
|
| 245 |
1 |
0 |
|a Secure IT Systems
|h [electronic resource] :
|b 20th Nordic Conference, NordSec 2015, Stockholm, Sweden, October 19–21, 2015, Proceedings /
|c edited by Sonja Buchegger, Mads Dam.
|
| 264 |
|
1 |
|a Cham :
|b Springer International Publishing :
|b Imprint: Springer,
|c 2015.
|
| 300 |
|
|
|a X, 231 p. 47 illus. in color.
|b online resource.
|
| 336 |
|
|
|a text
|b txt
|2 rdacontent
|
| 337 |
|
|
|a computer
|b c
|2 rdamedia
|
| 338 |
|
|
|a online resource
|b cr
|2 rdacarrier
|
| 347 |
|
|
|a text file
|b PDF
|2 rda
|
| 490 |
1 |
|
|a Lecture Notes in Computer Science,
|x 0302-9743 ;
|v 9417
|
| 520 |
|
|
|a This book constitutes the proceedings of the 20th Nordic Conference on Secure IT Systems, held in Stockholm, Sweden, in October 2015. The 11 full papers presented together with 5 short papers in this volume were carefully reviewed and selected from 38 submissions. They are organized in topical sections named: cyber-physical systems security, privacy, cryptography, trust and fraud, and network and software security.
|
| 650 |
|
0 |
|a Computer science.
|
| 650 |
|
0 |
|a Computer security.
|
| 650 |
|
0 |
|a Data encryption (Computer science).
|
| 650 |
|
0 |
|a Algorithms.
|
| 650 |
|
0 |
|a Biometrics (Biology).
|
| 650 |
|
0 |
|a Computers and civilization.
|
| 650 |
1 |
4 |
|a Computer Science.
|
| 650 |
2 |
4 |
|a Systems and Data Security.
|
| 650 |
2 |
4 |
|a Data Encryption.
|
| 650 |
2 |
4 |
|a Biometrics.
|
| 650 |
2 |
4 |
|a Algorithm Analysis and Problem Complexity.
|
| 650 |
2 |
4 |
|a Computers and Society.
|
| 700 |
1 |
|
|a Buchegger, Sonja.
|e editor.
|
| 700 |
1 |
|
|a Dam, Mads.
|e editor.
|
| 710 |
2 |
|
|a SpringerLink (Online service)
|
| 773 |
0 |
|
|t Springer eBooks
|
| 776 |
0 |
8 |
|i Printed edition:
|z 9783319265018
|
| 830 |
|
0 |
|a Lecture Notes in Computer Science,
|x 0302-9743 ;
|v 9417
|
| 856 |
4 |
0 |
|u http://dx.doi.org/10.1007/978-3-319-26502-5
|z Full Text via HEAL-Link
|
| 912 |
|
|
|a ZDB-2-SCS
|
| 912 |
|
|
|a ZDB-2-LNC
|
| 950 |
|
|
|a Computer Science (Springer-11645)
|